Man-made Landmarks by Picture - Statistics

General Stats
  • This quiz has been taken 10 times
  • The average score is 6 of 16
Answer Stats
Picture Answer % Correct
Christ the Redeemer
80%
Machu Picchu
80%
Taj Mahal
80%
Great Wall of China
70%
Parthenon
60%
Petra
60%
Chichén Itzá
40%
Hadrian's Wall
40%
Mont Saint-Michel
30%
Pyramids of Giza
30%
Coloseum
20%
Dover Castle
10%
Babylon
0%
Bayeaux Cathedral
0%
Caerphilly Castle
0%
Gaillard Castle
0%
No matching quizzes found
Score Distribution
Percent of People with Each Score
Percentile by Number Answered
Your Score History
You have not taken this quiz